No Synonyms of Sudden or Death - Sudden Death - Statistics

General Stats
  • This quiz has been taken 109 times
  • The average score is 9 of 16
Answers on the Grid
Answers color-coded by a green-red scale on the quiz's grid according to % correct below.
"Happy birthday [your name]!"
+1 world population
-1 world population
anticipated
asleep forever
birthed
brought into existence
called for
created
dimsum
expected
flatlined
immediate
impulsive
kicking the bucket
manufactured
out of nowhere
out of the blue
out of the green
planned for
predictable
randomly
resting in peace
sleeping with the fishes
surprise
the initiation of all biological function
the first episode of the hit TV show
Your Life
unanticipated
unforeseen
waking up
 
Answer Stats
Answer % Correct
"Happy birthday [your name]!"
84%
birthed
75%
+1 world population
73%
anticipated
68%
created
68%
brought into existence
67%
expected
65%
called for
61%
predictable
61%
manufactured
58%
planned for
56%
the initiation of all biological function
44%
waking up
44%
dimsum
43%
out of the green
38%
the first episode of the hit TV show
Your Life
32%
No matching quizzes found
Score Distribution
Percent of People with Each Score
Percentile by Number Answered
Your Score History
You have not taken this quiz